000
00304nam a22001337a 4500
008
170606b xxu||||| |||| 00| 0 eng d
020
_a
9781588260185
041
_a
eng
080
_a
94
100
_a
18
101
_a
SHH
245
_a
MULTILATERALISM & U.S FOREIGN POLICY
_c
PATRICK,S
942
_2
udc
_c
BK
999
_c
16078
_d
16078